Provinces of Canada - Statistics

General Stats
  • This quiz has been taken 28 times
  • The average score is 10 of 13
Answers on the Map
Answers color-coded by a green-red scale on the quiz's map according to % correct below.
 
Answer Stats
Answer % Correct
Ontario
96%
Quebec
92%
Newfoundland and Labrador
84%
Alberta
80%
British Columbia
80%
Manitoba
80%
Saskatchewan
80%
Yukon
80%
New Brunswick
72%
Nova Scotia
72%
Prince Edward Island
72%
Nunavut
68%
Northwest Territories
64%
No matching quizzes found
Score Distribution
Percent of People with Each Score
Percentile by Number Answered
Your Score History
You have not taken this quiz